000 00634nam a2200217Ia 4500
005 20250505145700.0
008 008 250505s9999 xx 000 0 eng d
037 _aTextbook
040 _aFML
_bhin
_cFML
041 _ahin
_2hin
084 _aO15,1J31 (NR) R3;1
_qFML
100 _aShukla, Madhurani
245 0 _aGunjat Meera Vani Meerabai Ke Sangeet Paksh Par Aiekagra
260 _aNew Delhi , India
_bKanishka Pub. Dist.
_c2023
300 _a242p
365 _aINR
_b900
650 _aMusic
700 _aShukla, Shambhavi
942 _cTB
_hO15,1J31 (NR) R3;1
999 _c1311400
_d1311400